000 00629nam a22001937a 4500
005 20250225120422.0
010 _aENG-143914
020 _a9789352070800
_c900.00
035 _aEN-127446
037 _bDBAD/PUB
082 _a332.495462
100 _aBasu Shantanu
_978654
245 _aThe Worm Within
_cShantanu Basu
_bCorruption and Erosion of India 's Accountability Institutions
_hEnglish
260 _aNew Delhi
_bAuthorspress
_c2015
270 _aQ-2A Hauz Khas Enclave
_bNew Delhi
_e110016
300 _a382p
_c23cm(Hbk)
700 _aSnorrason, Gylfi K.
_978655
942 _2ddc
_cEN
_h363.60685
_mBAS
999 _c209719
_d209719